|
|
|
|
| LEADER |
00000nab a2200000 a 4500 |
| 001 |
vtls000556574 |
| 003 |
SK-MaSNL |
| 005 |
20260304092319.0 |
| 008 |
250425c1995 xo 0 slo |
| 015 |
|
|
|a SNBRB19rr/mm-uuuuu
|
| 035 |
|
|
|a CL0556712
|
| 035 |
|
|
|a urn:nbn:sk:snk-abbp9x
|
| 035 |
|
|
|a (urnnbn)urn:nbn:sk:snk:ar-000z8a
|
| 035 |
|
|
|a (uuid)ae72d9d2-bf8b-4abc-8ce9-4f6691f750f8
|
| 040 |
|
|
|a SNKBUCL
|b slo
|c SNKBUCL
|e AACR2
|
| 041 |
0 |
|
|a ukr
|
| 044 |
|
|
|a xo
|c SK
|
| 080 |
|
|
|a 791.43(477)
|2 1981
|
| 100 |
1 |
|
|a Illjenko, Jurij
|4 aut
|9 1385938
|
| 245 |
1 |
0 |
|a Ukrajins'ke kino je. A čy j bude?!
|b Rozmova z ukrajins'kymy kinomytcjamy - bratamy Illjenkamy
|c Jurij Illjenko, Mychajlo Illjenko, Ivan Jackanyn
|
| 300 |
|
|
|b Fotogr. 7
|
| 650 |
0 |
7 |
|a film ukrajinský
|2 snkbucl
|9 916856
|
| 650 |
0 |
7 |
|a kinematografia ukrajinská
|2 snkbucl
|9 849097
|
| 655 |
|
7 |
|a články z novín a časopisov
|2 snkbucl
|9 267496
|
| 700 |
1 |
|
|a Illjenko, Mychajlo
|4 aut
|9 1385939
|
| 700 |
1 |
|
|a Jackanin, Ivan,
|d 1950-
|4 aut
|9 103637
|
| 773 |
0 |
|
|t Duklja
|g Roč. 43, č. 2 (1995), s. 81-86
|
| 850 |
|
|
|a Slovenská národná knižnica
|
| 852 |
|
|
|a Slovenská národná knižnica
|
| 958 |
|
|
|a article15
|
| 958 |
|
|
|a RK
|
| 958 |
|
|
|a UA
|
| 958 |
|
|
|a UK
|
| 958 |
|
|
|a OND
|
| 958 |
|
|
|a EUIPO
|
| 992 |
|
|
|a RBX
|
| 999 |
|
|
|c 2818670
|d 2820600
|